Correspondencia inocultable /
Gardado en:
| Autor Principal: | |
|---|---|
| Formato: | Desconocido |
| Idioma: | Spanish |
| Publicado: |
El Salvador, San Salvador:
Editorial Universitaria Centroamericana,
c1988.
|
| Materias: | |
| Etiquetas: |
Engadir etiqueta
Sen Etiquetas, Sexa o primeiro en etiquetar este rexistro!
|
MARC
| LEADER | 000000000a22000000004500 | ||
|---|---|---|---|
| 001 | 000251 | ||
| 008 | 200115b xxu||||| |||| 00| 0 spa d | ||
| 041 | 0 | |a español | |
| 082 | |a Ho861.4 |b D542c | ||
| 100 | 1 | |a Díaz Acosta, David | |
| 245 | 1 | 0 | |a Correspondencia inocultable / |c David Díaz Acosta |
| 260 | 1 | |a El Salvador, San Salvador: |b Editorial Universitaria Centroamericana, |c c1988. | |
| 300 | |a 58 páginas | ||
| 650 | 4 | |a LITERATURA HONDUREÑA |9 50 | |
| 650 | 4 | |a POESIA |9 159 | |
| 942 | |2 ddc |c BK | ||
| 999 | |c 1071 |d 1071 | ||
